Air pollution and environment protection: legislative policies, judicial trends and social perceptions (Record no. 102019)

MARC details
000 -LEADER
fixed length control field 00426nam a2200145Ia 4500
008 - FIXED-LENGTH DATA ELEMENTS--GENERAL INFORMATION
fixed length control field 230917s9999||||xx |||||||||||||| ||und||
040 ## - CATALOGING SOURCE
-- 80375
Original cataloging agency VIVEKANANDA LIBRARY
041 ## - Language
-- English
082 ## - DDC NUMBER
Classification number 34:363.6 N167A
100 ## - MAIN ENTRY--PERSONAL NAME
Personal name Naresh Kumar
245 #0 - TITLE STATEMENT
Title Air pollution and environment protection: legislative policies, judicial trends and social perceptions
260 ## - PUBLICATION, DISTRIBUTION, ETC. (IMPRINT)
Place of publication, distribution, etc New Delhi
Name of publisher, distributor, etc Mittal
Date of publication, distribution, etc 1999
300 ## - PHYSICAL DESCRIPTION
Pages x, 372 p.
942 ## - ADDED ENTRY ELEMENTS (KOHA)
Koha item type Books
Holdings
Withdrawn status Lost status Damaged status Not for loan Location (home branch) Sublocation or collection (holding branch) Date acquired Koha issues (times borrowed) Koha full call number Accession No. Koha date last seen Koha item type
        VIVEKANANDA LIBRARY VIVEKANANDA LIBRARY 11/03/2003   34:363.6 N167A 185933 17/09/2023 Books
© Designed and Maintained by Vivekananda Library, MDU Rohtak